000 00366nam a2200157Ia 4500
008 230711s9999||||xx |||||||||||||| ||und||
041 _aENG
082 _a720
_bCL-P
100 _aCleminshaw,Douglas
245 0 _aDesign in plastics
250 _a1st Ed.
260 _c1989
_aBeverly
_bRockport Publication
300 _a239
650 _aArchitecture
942 _cBK
999 _c2038
_d2038